000 00329nam a22001337a 4500
008 170607b xxu||||| |||| 00| 0 eng d
020 _a9780205688425
041 _aeng
080 _29 ED
_a3434.3
100 _a14
101 _aSHJ
245 _aTHE RICHER GET RICHER AND THE POOR PRISON
_cREIMAN.J
942 _2udc
_cBK
999 _c16235
_d16235